MDQL
is popping MORE tags! Check the
thread
!
Quizzes
Events
Quiz Creation
Community
Videos
Private Events
Remove Ads
Sign In
Join for FREE
Feedback
Dark Mode
Quiz Categories
Sports
Geography
Music
Movies
Television
Just For Fun
Miscellaneous
History
Literature
Language
Science
Gaming
Entertainment
Religion
Holiday
For Kids
Quiz Lab
Recent
Popular Today
Quiz Kudos Today
Editor Picks
Curator Picks
Quizzes by...
Day
Popularity
Type
Ratings
Length
Year
Community
Subscriptions
Recent Discussions
Orange Saloon
Badges
Playlists
Quests
Create
Leaderboards
Showdown
Live 5
Trivia Bingo
Activity
Puzzle Library
Sporcle Events
Private Events
Virtual Trivia
Globe League
Become a Host
Pub Owners
SporcleCon
Opinionation
Our Games
Videos
Blog
Mobile Apps
Partnerships
Remove Ads and Go Orange
Feedback
Geography
Country
Landmarks
City
State
Population
World
Capital
Continent
Flags
Europe
Africa
Asia
South America
North America
Oceania
Border
Canada
United Kingdom
Topography
United States
Geography
Country
Landmarks
City
State
Population
World
Capital
Continent
Flags
Europe
Africa
Asia
South America
North America
Oceania
Border
Canada
United Kingdom
Topography
United States
Random Quiz
Search Sporcle
×
Quiz Lab
Quiz Lab
Geography
City
Type in answers that appear in a list
Type in answers that appear in a list
Classic
Best Score? Go Orange.
Capital cities Stats
Can you name the Capital cities of some of the worlds countries?
By
robandchrisown
7m
35 Questions
718 Plays
718 Plays
718 Plays
Comments
Comments
Give Quiz Kudos
Give Quiz Kudos
-
- Ratings
hide this ad
Random Order
Randomize order of answers
Randomize order of answers
Replay
Link that replays current quiz
Next Quiz
Link to next quiz in quiz playlist
You Got
0%
They Got
Avg Score
80%
Avg Friend Score
Upgrade to see
Score Distribution
Jump to the score distribution portion of the page
Score
0/35
Timer
07:00
0
Plays Today
Country
City
% Correct
France
Paris
96%
Italy
Rome
93.9%
Germany
Berlin
92.2%
USA
Washington D.C.
92.2%
Spain
Madrid
91.4%
Japan
Tokyo
90.5%
Russia
Moscow
89.7%
Ireland
Dublin
89.6%
Greece
Athens
89.3%
Egypt
Cairo
88.7%
Mexico
Mexico City
87.9%
China
Beijing
87.6%
Netherlands(Holland)
Amsterdam
85.2%
Portugal
Lisbon
84.4%
Norway
Oslo
83%
Australia
Canberra
81.3%
Belgium
Brussels
79.5%
Austria
Vienna
79.2%
Country
City
% Correct
Poland
Warsaw
79.2%
Scotland
Edinburgh
78.4%
Sweden
Stockholm
77.6%
South Africa
Cape Town
76.3%
Finland
Helsinki
76.2%
India
New Delhi
76.2%
Israel
Jerusalem
76.2%
Denmark
Copenhagen
76%
Brazil
Brasilia
75.1%
Northern Ireland
Belfast
74.1%
Hungary
Budapest
73.8%
Canada
Ottawa
73.4%
Argentina
Buenos Aires
70.8%
Turkey
Ankara
68.2%
Switzerland
Bern
65.5%
Kenya
Nairobi
64.6%
Pakistan
Islamabad
63%
Quiz Playlist
Details
Report
Send in Message
Add To Playlist
Classic:
Type in answers that appear in a list
Random Order:
Randomize order of answers
Last Updated: Jan 16, 2019
Quiz Scoreboard
CHALLENGE
Sign Up to Join the Scoreboard
Show All
Scores
Hide
Comments
May contain spoilers
Recently Published
Two Season TV Shows II
by 123Four
Television
10m
Image Sorting: Flags VI
by Barbecue
Geography
2m
Find the 'City' Movie
by crazypaving
Movies
60s
More to Explore
Quiz From the Vault
Featured Blog Post
14 Easter Pick-up Lines to Find Eggs With
hide this ad
You Might Also Like...
Tags
Capital Quiz
City Quiz
Country Quiz
World Quiz
Today's Top Quizzes in Geography
Browse Geography
hide this ad
Today's Top Quizzes in City
Browse City
Top Contributed Quizzes in Geography
1
Colored Red Europe Blitz I
2
Countries of the World - No Outlines Minefield
3
Colored Red Africa Blitz II
4
Colored Red Europe Blitz II
5
Colored Red Europe Blitz III
6
Colored Red Africa Blitz III
7
Colored Red States Blitz I
8
Colored Red States Blitz II
9
A Different View: World Oceans
10
Colored Red States Blitz III
Explore More
Trending Topics
Harry Potter
NBA
Kpop
Crossword
Disney
Marvel
Anime
The Office
Soccer
WWE
NFL
Song
Country
Pokémon
Puzzle
hide this ad
More By:
robandchrisown
Quiz
Plays
Rating
Category
Featured
Created
Capital cities
718
2.29
Geography
Jan 8, 2010
World Cup 2010 Killer Quiz
501
1.00
Sports
Jul 18, 2010
World Rivers
501
1.17
Geography
Jul 19, 2010
fifa top countries (50) in 2010?
405
1.33
Sports
Feb 11, 2010
best recent singers
175
1.11
Music
Dec 17, 2009
Go to Creator's Profile
Score Distribution
Quiz Creator Spotlight
robandchrisown
Follow
Send a Message
Quizzes Created
-
Created Quiz Play Count
-
More By This Creator
Popular Quizzes Today
1
Find the US States - No Outlines Minefield
2
Colored Red Africa Blitz
3
Find the 'City' Movie
4
5x2 Blitz: Bands
5
The Countries of the World
6
Find the Countries of Europe - No Outlines Minefield
7
Find the US States
8
US States
More Geography Quizzes
Acrostic East Timor
Quiz Lab
Trending Quizzes
Colored Red Europe Blitz I
Colored Red Africa Blitz II
Colored Red Europe Blitz II
Colored Red Africa Blitz III
Even More Two Season TV Shows
Recently Updated
March Madness Men's Triple Doubles
pecheneg
How Do You Spell That?
pecheneg
Godzilla Movies
pecheneg
Grab Bag: 4-10 Letters
pecheneg
2024 March Madness Bracket
pecheneg
Famous TV Couples
Peacemaker
Champions League XIs: Real Madrid
pecheneg
Largest US Cities 1790-2010
pecheneg
Rides in Walt Disney World
pecheneg
Most Oscar Losses (Acting)
pecheneg
Trending Topics
Harry Potter
NBA
Crossword
Anime
Disney
Kpop
Marvel
WWE
The Office
Pokémon
Country
Soccer
Song
Puzzle
NFL
Your Account Isn't Verified!
In order to create a playlist on Sporcle, you need to verify the email address you used during registration. Go to your
Sporcle Settings
to finish the process.
Report this User
Report this user for behavior that violates our
Community Guidelines
.
Details:
Send Report
Go to the Sporcle.com Mobile Site →
Comments